[Event "Portugal Open 2018"]
[Site "Lisboa POR"]
[Date "2018.02.08"]
[Round "8.18"]
[White "Romano, João"]
[Black "Venkatesh, M.R."]
[Result "0-1"]
[WhiteElo "1961"]
[BlackElo "2445"]
[WhiteFideId "1938541"]
[BlackFideId "5005779"]
[BlackTitle "GM"]
[WhiteCountry "POR"]
[BlackCountry "IND"]
[PlyCount "82"]
[EventDate "2018.??.??"]

1. d4 g6 2. e4 Bg7 3. Nc3 d6 4. Nge2 Nd7 5. g3 c5 6. Bg2 cxd4 7. Nxd4 Ngf6 8.
O-O O-O 9. b3 Nc5 10. Bb2 Bg4 11. Qd2 Qd7 12. Rfe1 Bh3 13. Bh1 h5 14. Nd5 Nh7
15. c4 Rad8 16. Rad1 e5 17. Nc2 f5 18. exf5 Bxf5 19. h4 Nd3 20. Nce3 Nxe1 21.
Rxe1 Kh8 22. Qe2 Be6 23. Bc1 Qf7 24. Nc3 g5 25. hxg5 Nxg5 26. Ne4 Nh3+ 27. Kf1
Qg6 28. Bg2 h4 29. gxh4 Nf4 30. Qc2 Bh3 31. Bxh3 Nxh3 32. Ng2 d5 33. cxd5 Rc8
34. Qd1 Rxc1 35. Qxc1 Qg3 36. Qe3 Qh2 37. Rc1 Qh1+ 38. Ke2 Qxg2 39. d6 Nf4+ 40.
Kd2 Nd5 41. Qe2 Bh6+ 0-1

[Event "Portugal Open 2018"]
[Site "Lisboa POR"]
[Date "2018.02.08"]
[Round "8.20"]
[White "Fernandes, António"]
[Black "Kerigan, Demre"]
[Result "0-1"]
[WhiteElo "2443"]
[BlackElo "2350"]
[WhiteFideId "1900021"]
[BlackFideId "6307841"]
[WhiteTitle "GM"]
[BlackTitle "IM"]
[WhiteCountry "POR"]
[BlackCountry "TUR"]
[PlyCount "127"]
[EventDate "2018.??.??"]

1. d4 Nf6 2. Nf3 g6 3. Bf4 Bg7 4. e3 d6 5. h3 O-O 6. c3 Nfd7 7. Nbd2 e5 8. Bh2
Nc6 9. Bc4 Qe7 10. O-O Kh8 11. Ne1 f5 12. b4 Nb6 13. Bb3 Be6 14. Bxe6 Qxe6 15.
Qb3 Qxb3 16. axb3 exd4 17. exd4 a6 18. Nd3 Nd5 19. Rac1 Bh6 20. Rfd1 Rae8 21.
Kf1 Rf7 22. Rc2 g5 23. Re1 Rxe1+ 24. Kxe1 Re7+ 25. Kd1 g4 26. hxg4 fxg4 27. Nc4
b6 28. Na3 b5 29. Nb1 Re4 30. Nd2 Re6 31. Nb1 Bg5 32. Ra2 Rh6 33. Bg3 Rh1+ 34.
Kc2 Rxb1 35. Rxa6 Rc1+ 36. Nxc1 Ncxb4+ 37. cxb4 Nxb4+ 38. Kc3 Nxa6 39. Ne2 Kg7
40. Kd3 Kf6 41. Nc3 b4 42. Nd5+ Ke6 43. Kc4 c6 44. Nb6 d5+ 45. Nxd5 cxd5+ 46.
Kb5 h5 47. Kxa6 h4 48. Bc7 Be7 49. Bh2 h3 50. gxh3 gxh3 51. Kb5 Bd6 52. Bg1 h2
53. Bxh2 Bxh2 54. Kxb4 Bg1 55. Kc5 Bxf2 56. b4 Bg3 57. Kc6 Bd6 58. b5 Bg3 59.
Kc5 Bf4 60. Kc6 Bd6 61. b6 Bf4 62. Kc5 Bg3 63. Kc6 Bd6 64. Kb5 0-1

[Event "Portugal Open 2018"]
[Site "Lisboa POR"]
[Date "2018.02.08"]
[Round "8.21"]
[White "Yurtseven, Melih"]
[Black "Sterck, Arno"]
[Result "0-1"]
[WhiteElo "2415"]
[BlackElo "2295"]
[WhiteFideId "6312160"]
[BlackFideId "228249"]
[WhiteTitle "FM"]
[BlackTitle "FM"]
[WhiteCountry "TUR"]
[BlackCountry "BEL"]
[PlyCount "88"]
[EventDate "2018.??.??"]

1. Nf3 d5 2. c4 c6 3. e3 Nf6 4. Nc3 e6 5. b3 Nbd7 6. Bb2 Bd6 7. Qc2 O-O 8. Be2
Qe7 9. O-O e5 10. cxd5 Nxd5 11. d3 N7f6 12. a3 Bg4 13. h3 Bh5 14. Ne4 Nxe4 15.
dxe4 Nf6 16. Bd3 Nd7 17. Rfd1 Nc5 18. Be2 Bg6 19. Nd2 f5 20. Bf3 fxe4 21. Nxe4
Kh8 22. b4 Ne6 23. Qd2 Rad8 24. Nxd6 Ng5 25. h4 Nxf3+ 26. gxf3 Bh5 27. e4 Qxh4
28. Qd3 Qf6 29. Rd2 Bxf3 30. Bxe5 Qg5+ 31. Bg3 Qh5 32. Nf7+ Kg8 33. Qxf3 Qxf3
34. Nxd8 h5 35. Re1 Qg4 36. Kh1 h4 37. Bc7 Qh3+ 38. Kg1 Rf6 39. Rd6 Qg4+ 40. Kf1
Rf3 41. Re6 Rh3 42. Re8+ Kh7 43. Bg3 hxg3 44. Nf7 g2+ 0-1

[Event "Portugal Open 2018"]
[Site "Lisboa POR"]
[Date "2018.02.08"]
[Round "8.22"]
[White "Koziol, Kamil"]
[Black "Sandalakis, Angelos"]
[Result "0-1"]
[WhiteElo "2257"]
[BlackElo "2448"]
[WhiteFideId "1161555"]
[BlackFideId "4207645"]
[WhiteTitle "FM"]
[BlackTitle "IM"]
[WhiteCountry "POL"]
[BlackCountry "GRE"]
[PlyCount "70"]
[EventDate "2018.??.??"]

1. e4 c5 2. Nf3 Nc6 3. d4 cxd4 4. Nxd4 g6 5. Nc3 Bg7 6. Nb3 Nf6 7. Be2 O-O 8.
O-O d6 9. Re1 Be6 10. Bg5 a6 11. Bf1 Rc8 12. Nd5 Bxd5 13. exd5 Ne5 14. Qd2 Re8
15. c3 Qd7 16. f4 Nc4 17. Bxc4 Rxc4 18. Qd3 Qb5 19. Bxf6 Bxf6 20. Re4 Rxe4 21.
Qxe4 Rc8 22. g3 a5 23. Rb1 a4 24. Nd2 a3 25. bxa3 Qc5+ 26. Kh1 Qxa3 27. Qb4 Qxa2
28. c4 b6 29. Rc1 Bd4 30. Nf3 Be3 31. Rf1 Rxc4 32. Qe1 Rc1 33. Qxc1 Bxc1 34.
Rxc1 Qe2 35. Nh4 b5 0-1

[Event "Portugal Open 2018"]
[Site "Lisboa POR"]
[Date "2018.02.08"]
[Round "8.23"]
[White "Savanovic, Aleksandar"]
[Black "Ermeni, Avni"]
[Result "1-0"]
[WhiteElo "2448"]
[BlackElo "2214"]
[WhiteFideId "914932"]
[BlackFideId "912840"]
[WhiteTitle "IM"]
[BlackTitle "FM"]
[WhiteCountry "BIH"]
[BlackCountry "KOS"]
[PlyCount "77"]
[EventDate "2018.??.??"]

1. e4 e5 2. Nf3 Nc6 3. Bb5 a6 4. Ba4 Nf6 5. O-O Nxe4 6. d4 b5 7. Bb3 d5 8. dxe5
Be6 9. c3 Be7 10. Nbd2 O-O 11. Bc2 Nc5 12. Nd4 Bd7 13. f4 g6 14. Qf3 Nxd4 15.
cxd4 Ne6 16. Nb3 f5 17. Qxd5 c6 18. Qf3 a5 19. Be3 a4 20. Nc1 Nc7 21. Nd3 Nd5
22. Rfc1 Be6 23. Bd1 Qd7 24. Bf2 Kh8 25. Nc5 Bxc5 26. Rxc5 Rg8 27. h3 h6 28. Kh2
Rac8 29. Rac1 Rc7 30. Be2 Rb8 31. Be1 Ne7 32. Bh4 Qxd4 33. Bxb5 Bd5 34. Qg3 g5
35. fxg5 Ng6 36. Bxc6 f4 37. Qf2 Qxf2 38. Bxf2 Rxb2 39. Bxd5 1-0

[Event "Portugal Open 2018"]
[Site "Lisboa POR"]
[Date "2018.02.08"]
[Round "8.24"]
[White "Ranaldi, Lucas"]
[Black "Gomez Ledo, Roberto Carlos"]
[Result "1/2-1/2"]
[WhiteElo "2213"]
[BlackElo "2442"]
[WhiteFideId "1519484"]
[BlackFideId "3507076"]
[WhiteTitle "FM"]
[BlackTitle "IM"]
[WhiteCountry "NOR"]
[BlackCountry "CUB"]
[PlyCount "119"]
[EventDate "2018.??.??"]

1. Nf3 d6 2. d4 Nd7 3. c4 e5 4. Nc3 Ngf6 5. Bg5 Be7 6. e3 O-O 7. Qc2 c6 8. Be2
Ne8 9. Bxe7 Qxe7 10. O-O Nef6 11. Rfd1 e4 12. Nd2 Re8 13. b4 Nf8 14. b5 c5 15.
dxc5 dxc5 16. Nd5 Nxd5 17. cxd5 Bf5 18. Nc4 Nd7 19. Rd2 Ne5 20. d6 Qd7 21. Nxe5
Rxe5 22. Rad1 b6 23. Rd5 Rxd5 24. Rxd5 Rd8 25. Rd2 h6 26. Bc4 Kf8 27. h3 Qe8 28.
f4 Be6 29. Kf2 Bxc4 30. Qxc4 Qe6 31. Qxe6 fxe6 32. Ke2 Ke8 33. Rc2 a6 34. bxa6
Ra8 35. Rc4 Rxa6 36. a4 Kd7 37. Rxe4 Kxd6 38. g4 Ra5 39. Kd3 b5 40. axb5 Rxb5
41. f5 exf5 42. gxf5 Rb3+ 43. Kd2 Rb7 44. Kd3 Kd5 45. Re6 Rb3+ 46. Kd2 Rb7 47.
Kc3 Rb4 48. Rg6 Re4 49. Kd2 Re7 50. f6 gxf6 51. Rxf6 h5 52. Rf5+ Re5 53. Rxe5+
Kxe5 54. Kd3 h4 55. Kc4 Ke4 56. Kxc5 Kxe3 57. Kc4 Kf4 58. Kd4 Kg3 59. Ke3 Kxh3
60. Kf3 1/2-1/2

[Event "Portugal Open 2018"]
[Site "Lisboa POR"]
[Date "2018.02.08"]
[Round "8.25"]
[White "Costa, Paulo"]
[Black "Fröwis, Georg"]
[Result "0-1"]
[WhiteElo "2175"]
[BlackElo "2428"]
[WhiteFideId "1900900"]
[BlackFideId "1618423"]
[BlackTitle "IM"]
[WhiteCountry "POR"]
[BlackCountry "AUT"]
[PlyCount "70"]
[EventDate "2018.??.??"]

1. Nf3 d5 2. d4 Nf6 3. c4 e6 4. Nc3 a6 5. cxd5 exd5 6. Bf4 Bd6 7. Bg3 O-O 8. e3
Bf5 9. Be2 c6 10. O-O Bxg3 11. hxg3 Nbd7 12. Bd3 Bxd3 13. Qxd3 Qe7 14. b4 b5 15.
Qb1 Nb6 16. a4 Nc4 17. Ra2 Rfe8 18. Re1 Rad8 19. Rae2 Ne4 20. Nxe4 dxe4 21. Nd2
Nb6 22. Rc1 Rd6 23. axb5 axb5 24. Rc5 Nd5 25. Re1 f5 26. Rec1 Qd7 27. Qa2 h5 28.
Nb1 Kh7 29. Qa5 f4 30. gxf4 Rg6 31. f5 Qxf5 32. Rxc6 Rc8 33. Rxc8 Qf3 34. Kf1
Nxe3+ 35. Ke1 Nxg2+ 0-1

[Event "Portugal Open 2018"]
[Site "Lisboa POR"]
[Date "2018.02.08"]
[Round "8.26"]
[White "Campora, Daniel"]
[Black "Shamima, Akter Liza"]
[Result "1/2-1/2"]
[WhiteElo "2426"]
[BlackElo "2160"]
[WhiteFideId "100013"]
[BlackFideId "10202587"]
[WhiteTitle "GM"]
[BlackTitle "WIM"]
[WhiteCountry "ARG"]
[BlackCountry "BAN"]
[PlyCount "131"]
[EventDate "2018.??.??"]

1. e4 c5 2. Nf3 e6 3. c3 Nf6 4. d3 Nc6 5. g3 d6 6. Bg2 Be7 7. O-O O-O 8. Re1 e5
9. a3 a5 10. a4 Rb8 11. Na3 Re8 12. Nb5 Bf8 13. h3 h6 14. Nh2 Be6 15. f4 g6 16.
g4 exf4 17. Bxf4 Rc8 18. Rf1 d5 19. Bc7 Rxc7 20. Nxc7 Qxc7 21. Rxf6 dxe4 22.
dxe4 Bd6 23. Nf1 c4 24. Qd2 Kg7 25. Rf2 Bc5 26. Kh1 Rd8 27. Qf4 Qxf4 28. Rxf4
Ne5 29. Rb1 Rd3 30. Nh2 Re3 31. Rff1 Nd3 32. Nf3 Re2 33. Nd4 Rd2 34. e5 b6 35.
Nxe6+ fxe6 36. b3 cxb3 37. Rxb3 g5 38. c4 Bd4 39. Ba8 Nf2+ 40. Rxf2 Rxf2 41. Bc6
Re2 42. Rd3 Bxe5 43. Kg1 Bf4 44. Kf1 Rc2 45. Rb3 Bc7 46. Re3 Kf6 47. Bb5 Bf4 48.
Rb3 Bd6 49. Rf3+ Ke7 50. Rd3 e5 51. Rf3 Rd2 52. Bc6 Rd4 53. Bd5 Rf4 54. Ke2 Bc5
55. Rf1 Bb4 56. Rf3 Kd6 57. Rxf4 exf4 58. Bf7 Ke5 59. Be8 Kd4 60. Bb5 Bc5 61.
Ba6 Ke4 62. Bb7+ Kd4 63. Ba6 Kc3 64. Bb5 Kb4 65. Kf3 Kc3 66. Ke4 1/2-1/2

[Event "Portugal Open 2018"]
[Site "Lisboa POR"]
[Date "2018.02.08"]
[Round "8.27"]
[White "Hill, Alistair"]
[Black "Radovanovic, Mihajlo"]
[Result "1-0"]
[WhiteElo "2159"]
[BlackElo "2422"]
[WhiteFideId "432407"]
[BlackFideId "940313"]
[BlackTitle "IM"]
[WhiteCountry "ENG"]
[BlackCountry "SRB"]
[PlyCount "109"]
[EventDate "2018.??.??"]

1. e4 c5 2. c3 d6 3. d4 Nf6 4. Bd3 g6 5. Nf3 Bg7 6. O-O O-O 7. Re1 Bg4 8. dxc5
dxc5 9. h3 Bxf3 10. Qxf3 Nc6 11. Bc2 Nd7 12. Qe2 Qc7 13. Be3 b5 14. f4 Rfc8 15.
Nd2 Nd4 16. Qd1 Bh6 17. e5 Nxc2 18. Qxc2 Nb6 19. Qe4 e6 20. Qf3 Nd5 21. Ne4 Bf8
22. Rad1 Be7 23. Re2 c4 24. Red2 Rab8 25. Bd4 a5 26. g4 b4 27. f5 bxc3 28. bxc3
a4 29. Rf1 Bf8 30. Rdf2 a3 31. Qg3 Rb2 32. Qh4 Rxf2 33. Rxf2 h6 34. fxg6 fxg6
35. Nf6+ Nxf6 36. Qxf6 Bg7 37. Qxe6+ Kh7 38. Rf7 Qb8 39. Qd7 Rg8 40. Qb7 Qxb7
41. Rxb7 Kh8 42. Kf2 Re8 43. Rb5 Rf8+ 44. Ke2 Re8 45. Ke3 Kg8 46. Ke4 h5 47. Rb6
hxg4 48. hxg4 Kf7 49. e6+ Kg8 50. Bxg7 Kxg7 51. Ke5 Rh8 52. Rb7+ Kh6 53. e7 Kg5
54. Rd7 Rh2 55. Rd4 1-0

[Event "Portugal Open 2018"]
[Site "Lisboa POR"]
[Date "2018.02.08"]
[Round "8.28"]
[White "Klasan, Vladimir"]
[Black "Dias, Ivo"]
[Result "1-0"]
[WhiteElo "2381"]
[BlackElo "2158"]
[WhiteFideId "934054"]
[BlackFideId "1901680"]
[WhiteTitle "IM"]
[BlackTitle "CM"]
[WhiteCountry "SRB"]
[BlackCountry "POR"]
[PlyCount "79"]
[EventDate "2018.??.??"]

1. e4 c5 2. Nf3 e6 3. d4 cxd4 4. Nxd4 Nc6 5. Nc3 Qc7 6. g3 a6 7. Bg2 Nf6 8. O-O
Nxd4 9. Qxd4 Bc5 10. Bf4 d6 11. Qd2 h6 12. Rad1 e5 13. Be3 Be6 14. Bxc5 dxc5 15.
Nd5 Bxd5 16. exd5 Qd6 17. f4 O-O 18. fxe5 Qxe5 19. d6 Qxb2 20. c4 Qxd2 21. Rxd2
Rab8 22. a4 b6 23. d7 Ng4 24. Re1 f6 25. Rd6 Ne5 26. Bd5+ Kh8 27. Rb1 Rfd8 28.
Rbxb6 Rxb6 29. Rxb6 Rxd7 30. Rxa6 Rc7 31. a5 Kh7 32. Rb6 Kg6 33. Be4+ Kg5 34. a6
Ra7 35. h4+ Kh5 36. Kg2 g5 37. Rxf6 Kg4 38. hxg5 hxg5 39. Bc2 Rd7 40. Bf5+ 1-0

[Event "Portugal Open 2018"]
[Site "Lisboa POR"]
[Date "2018.02.08"]
[Round "8.29"]
[White "Rupérez Benito, Antonio"]
[Black "Carneiro, Carlos"]
[Result "1-0"]
[WhiteElo "2348"]
[BlackElo "2130"]
[WhiteFideId "22245049"]
[BlackFideId "1900170"]
[WhiteTitle "FM"]
[BlackTitle "NM"]
[WhiteCountry "ESP"]
[BlackCountry "POR"]
[PlyCount "117"]
[EventDate "2018.??.??"]

1. e4 c5 2. Nf3 g6 3. d4 cxd4 4. Qxd4 Nf6 5. Nc3 Nc6 6. Qa4 d6 7. e5 dxe5 8.
Nxe5 Bd7 9. Nxd7 Qxd7 10. Be3 Bg7 11. Rd1 Qg4 12. Qb3 O-O 13. h3 Qb4 14. Be2
Rfc8 15. O-O Qxb3 16. axb3 Nb4 17. Bf3 Nc6 18. Na4 e5 19. Nc5 Rab8 20. c3 Rc7
21. b4 a6 22. Rd2 Bf8 23. Rfd1 Be7 24. Nd7 Re8 25. Bb6 Rcc8 26. Nxf6+ Bxf6 27.
Bg4 Rb8 28. Bd7 Rf8 29. Ra1 Ne7 30. Bc7 Ra8 31. Ra5 b5 32. Rd6 Ra7 33. Bb6 Rb7
34. Rxa6 Bg5 35. Bc5 Rd8 36. Bc6 Nxc6 37. Raxc6 Re8 38. Rb6 Ra7 39. Ra6 Rb7 40.
Kf1 f5 41. Ke2 e4 42. g3 f4 43. gxf4 Bxf4 44. Re6 Rd8 45. Rxe4 Rd2+ 46. Kf3 Bg5
47. Ra8+ Kg7 48. h4 Rf7+ 49. Kg3 Bf6 50. Rb8 Rxb2 51. Rxb5 Bxc3 52. Rb8 Rc2 53.
b5 Bf6 54. Be3 Rb2 55. Kh3 h6 56. Re6 Rb3 57. Rbb6 g5 58. Kg2 Kg6 59. Bd4 1-0

[Event "Portugal Open 2018"]
[Site "Lisboa POR"]
[Date "2018.02.08"]
[Round "8.30"]
[White "Ferreira, Hugo"]
[Black "Risting, Eivind Olav"]
[Result "0-1"]
[WhiteElo "2158"]
[BlackElo "2308"]
[WhiteFideId "1915940"]
[BlackFideId "1517333"]
[BlackTitle "FM"]
[WhiteCountry "POR"]
[BlackCountry "NOR"]
[PlyCount "114"]
[EventDate "2018.??.??"]

1. d4 g6 2. Nf3 Bg7 3. Bg5 d6 4. c3 Nd7 5. Nbd2 h6 6. Bh4 g5 7. Bg3 Ngf6 8. e4
Nh5 9. Bc4 e6 10. Qe2 a6 11. a4 Nf8 12. Ng1 Nxg3 13. hxg3 Ng6 14. Qe3 e5 15. Ne2
O-O 16. f4 gxf4 17. gxf4 exf4 18. Nxf4 Qg5 19. Nd5 Qxe3+ 20. Nxe3 Be6 21. Be2
Bf6 22. Nf3 Kg7 23. O-O-O Rae8 24. Bd3 Nf4 25. Bc2 Ne2+ 26. Kb1 Ng3 27. Rhe1 Bc8
28. Nd5 Bd8 29. e5 Be6 30. Ne3 dxe5 31. Nxe5 Bg5 32. d5 Bc8 33. N3c4 Nf5 34. Nf3
b5 35. Nxg5 hxg5 36. axb5 axb5 37. Ne5 f6 38. Nc6 Ne3 39. Rd2 Nxc2 40. Rxe8 Rxe8
41. Kxc2 f5 42. Kb3 f4 43. Kb4 g4 44. Rf2 Re4+ 45. Kxb5 g3 46. Rd2 Bh3 47. Nd4
Kf6 48. gxh3 Rxd4 49. Rxd4 Ke5 50. Kc6 g2 51. Rd1 f3 52. Kxc7 f2 53. d6 f1=Q 54.
Rxf1 gxf1=Q 55. d7 Qc4+ 56. Kb7 Qd5+ 57. Kc7 Qd6+ 0-1

[Event "Portugal Open 2018"]
[Site "Lisboa POR"]
[Date "2018.02.08"]
[Round "8.31"]
[White "Dantas, Carlos"]
[Black "Injac, Teodora"]
[Result "0-1"]
[WhiteElo "2129"]
[BlackElo "2302"]
[WhiteFideId "1900757"]
[BlackFideId "932400"]
[WhiteTitle "NM"]
[BlackTitle "WIM"]
[WhiteCountry "POR"]
[BlackCountry "SRB"]
[PlyCount "100"]
[EventDate "2018.??.??"]

1. d4 Nf6 2. Bg5 e6 3. e3 c5 4. c3 cxd4 5. exd4 Be7 6. Bxf6 Bxf6 7. Nd2 O-O 8.
Ngf3 d5 9. Bd3 Nc6 10. O-O Bd7 11. Qe2 Qc7 12. Rfe1 Qf4 13. Nf1 Rae8 14. Ne5
Nxe5 15. dxe5 Bd8 16. g3 Qg5 17. Nd2 Bb6 18. Kg2 f6 19. f4 Qh6 20. Nf3 Bc6 21.
Bb5 g5 22. Bxc6 bxc6 23. fxg5 fxg5 24. Nd4 Qg6 25. Rf1 c5 26. Nb5 c4 27. Nd6 Rd8
28. Rxf8+ Rxf8 29. Rf1 Rxf1 30. Qxf1 g4 31. Qd1 Qg5 32. Nb5 h5 33. Qe2 Qe3 34.
Qxe3 Bxe3 35. b3 a6 36. Nd6 cxb3 37. axb3 Kf8 38. Kf1 Ke7 39. Ke2 Bg1 40. c4
Bxh2 41. Kf2 h4 42. gxh4 Bxe5 43. Nb7 dxc4 44. bxc4 Bc7 45. Kg2 a5 46. h5 a4 47.
h6 Kf7 48. Nc5 a3 49. h7 Be5 50. Nd3 a2 0-1

[Event "Portugal Open 2018"]
[Site "Lisboa POR"]
[Date "2018.02.08"]
[Round "8.32"]
[White "Blum, Gernot"]
[Black "Silva, David"]
[Result "0-1"]
[WhiteElo "2028"]
[BlackElo "2283"]
[WhiteFideId "4602030"]
[BlackFideId "10101314"]
[BlackTitle "IM"]
[WhiteCountry "GER"]
[BlackCountry "ANG"]
[PlyCount "114"]
[EventDate "2018.??.??"]

1. c4 e5 2. g3 Nf6 3. Bg2 c6 4. a3 d5 5. cxd5 cxd5 6. d4 e4 7. Bg5 Qb6 8. Qd2
Nc6 9. Bxf6 gxf6 10. e3 Na5 11. Qc2 Qb3 12. Qc3 Bg4 13. Nd2 Qxc3 14. bxc3 Rc8
15. Ne2 Bd6 16. h3 Bxe2 17. Kxe2 Ke7 18. Rhc1 Rc6 19. c4 dxc4 20. Rc3 f5 21. g4
Rg8 22. Rac1 b5 23. Bh1 fxg4 24. Bxe4 Rc7 25. hxg4 Rxg4 26. Rb1 a6 27. Bxh7 Rh4
28. Bc2 Rb7 29. Ne4 Rb6 30. Nxd6 Rxd6 31. Rg1 Rf6 32. Rg5 Rh1 33. Re5+ Kd6 34.
e4 Rh2 35. Rd5+ Ke7 36. Re5+ Kd6 37. Rd5+ Kc7 38. Rf3 Rxf3 39. Kxf3 Rh3+ 40. Kf4
Rxa3 41. e5 b4 42. Bf5 b3 43. Rd7+ Kb6 44. Rxf7 c3 45. Rf6+ Kb5 46. e6 c2 47. e7
c1=Q+ 48. Kg4 Qg1+ 49. Kh5 Qh2+ 50. Kg6 Qg2+ 51. Kf7 Qa8 52. e8=Q+ Qxe8+ 53.
Kxe8 b2 54. d5 Rf3 55. d6 Nb7 56. d7 b1=Q 57. Bxb1 Rxf6 0-1

[Event "Portugal Open 2018"]
[Site "Lisboa POR"]
[Date "2018.02.08"]
[Round "8.33"]
[White "Gorny, Michael"]
[Black "Balbuena Fuentes, Mario"]
[Result "1-0"]
[WhiteElo "1836"]
[BlackElo "2282"]
[WhiteFideId "12953628"]
[BlackFideId "32017880"]
[BlackTitle "FM"]
[WhiteCountry "GER"]
[BlackCountry "ESP"]
[PlyCount "105"]
[EventDate "2018.??.??"]

1. d4 Nf6 2. c4 a6 3. f3 c5 4. d5 e6 5. e4 exd5 6. cxd5 d6 7. a4 Be7 8. Bd3 O-O
9. Ne2 Nbd7 10. Na3 Ne5 11. Nc4 Nxc4 12. Bxc4 Bd7 13. Qd3 b5 14. axb5 axb5 15.
Rxa8 Qxa8 16. Bxb5 Bxb5 17. Qxb5 Rb8 18. Qd3 Nd7 19. O-O Bf6 20. Qc2 Qa2 21. Nc3
Bd4+ 22. Kh1 Qc4 23. Rd1 Rb3 24. Bf4 Bxc3 25. Rc1 Qb5 26. bxc3 Qb6 27. h3 f6 28.
Kh2 Ne5 29. Bxe5 fxe5 30. Qa2 c4 31. Qa8+ Kf7 32. Ra1 Qe3 33. Qc8 Qf4+ 34. Kh1
Kg6 35. Qxc4 Rb2 36. Qc6 Qf8 37. Kg1 Kh6 38. Qd7 g6 39. h4 Qf4 40. Qe7 Qe3+ 41.
Kh1 Qf2 42. Qg5+ Kg7 43. h5 Kf7 44. h6 Re2 45. Qg4 Kf6 46. Kh2 Re1 47. Ra6 Qg1+
48. Kg3 Qc5 49. Rc6 Qa3 50. Qh4+ g5 51. Qg4 Kg6 52. Qe6+ Kh5 53. Rxd6 1-0

[Event "Portugal Open 2018"]
[Site "Lisboa POR"]
[Date "2018.02.08"]
[Round "8.34"]
[White "Dahlgren, James Allen"]
[Black "Ferrante, Marco"]
[Result "0-1"]
[WhiteElo "1809"]
[BlackElo "2267"]
[WhiteFideId "22256873"]
[BlackFideId "816035"]
[WhiteCountry "ESP"]
[BlackCountry "ITA"]
[PlyCount "84"]
[EventDate "2018.??.??"]

1. d4 Nf6 2. Bf4 c5 3. e3 g6 4. c3 Bg7 5. Nd2 b6 6. Ngf3 Bb7 7. h3 O-O 8. Bd3
Nc6 9. O-O d6 10. Bh2 e5 11. dxe5 dxe5 12. Ne4 Re8 13. Qe2 Nxe4 14. Bxe4 Qe7 15.
Rfd1 Kh8 16. Rd2 f5 17. Bd5 e4 18. Ne1 Rad8 19. Rad1 Rd7 20. Qb5 Red8 21. c4 Nb4
22. a3 Nxd5 23. cxd5 Rxd5 24. Rxd5 Rxd5 25. Rxd5 Bxd5 26. b4 Bc3 27. Nc2 Kg7 28.
Nd4 a6 29. Qxb6 cxd4 30. exd4 Kf7 31. Be5 Bb7 32. Bd6 Qd7 33. Qc5 Bd2 34. Qc4+
Kg7 35. Be5+ Kh6 36. Qe2 Bc1 37. f4 g5 38. fxg5+ Bxg5 39. g3 Qc6 40. h4 Qc1+ 41.
Kh2 Be3 42. Bf4+ Bxf4 0-1

[Event "Portugal Open 2018"]
[Site "Lisboa POR"]
[Date "2018.02.08"]
[Round "8.35"]
[White "Martín Duque, Jesus"]
[Black "Lopez De Turiso, José Angel"]
[Result "1-0"]
[WhiteElo "2346"]
[BlackElo "2019"]
[WhiteFideId "2208954"]
[BlackFideId "2207680"]
[WhiteTitle "FM"]
[WhiteCountry "ESP"]
[BlackCountry "ESP"]
[PlyCount "109"]
[EventDate "2018.??.??"]

1. e4 e5 2. Nf3 Nc6 3. Bc4 Nf6 4. d3 Be7 5. O-O O-O 6. Re1 d6 7. a4 Kh8 8. a5
Rb8 9. c3 Bg4 10. Nbd2 d5 11. exd5 Nxd5 12. h3 Bh5 13. Ne4 f6 14. Ng3 Bf7 15.
Bd2 Re8 16. b4 Bf8 17. Qb3 Nce7 18. d4 exd4 19. Nxd4 Qd7 20. a6 b5 21. Bf1 c6
22. Rad1 Ng6 23. Qb2 Rxe1 24. Bxe1 Nb6 25. Qc1 Qc8 26. Ne4 Bd5 27. Nc5 Bxc5 28.
bxc5 Na4 29. Nxb5 Nxc5 30. Nd4 Nxa6 31. Qa3 Nc7 32. c4 Bg8 33. Nxc6 Rb6 34. Nxa7
Qb8 35. c5 Rb1 36. Rxb1 Qxb1 37. Qb4 Qc1 38. c6 Ne5 39. Qd2 Qxd2 40. Bxd2 Bd5
41. Ba5 Nxc6 42. Nxc6 Bxc6 43. Bxc7 Bd5 44. Bd3 Kg8 45. Kh2 Kh8 46. Kg3 Kg8 47.
f3 Kh8 48. Kf4 Be6 49. Ke3 Bd5 50. Kd4 Bb3 51. Kc5 Ba2 52. Kd6 Kg8 53. Ke7 Bb3
54. h4 Bf7 55. Bf5 1-0

[Event "Portugal Open 2018"]
[Site "Lisboa POR"]
[Date "2018.02.08"]
[Round "8.36"]
[White "Ding, Tze How Dilwen"]
[Black "Cuevas Fernandez, José Alberto"]
[Result "1/2-1/2"]
[WhiteElo "2306"]
[BlackElo "2128"]
[WhiteFideId "5707641"]
[BlackFideId "2288150"]
[WhiteTitle "FM"]
[WhiteCountry "MAS"]
[BlackCountry "ESP"]
[PlyCount "124"]
[EventDate "2018.??.??"]

1. d4 Nf6 2. Nf3 e6 3. c4 c5 4. d5 b5 5. e4 Nxe4 6. Bd3 Nd6 7. cxb5 Bb7 8. dxe6
dxe6 9. Nc3 Be7 10. O-O O-O 11. Bf4 Nd7 12. Bxd6 Bxd6 13. Bxh7+ Kxh7 14. Qxd6
Bxf3 15. gxf3 Qg5+ 16. Kh1 Ne5 17. Rg1 Qf5 18. Rg3 Nxf3 19. Qc6 Nd4 20. Qg2 g6
21. Rg5 Qf3 22. Rxc5 Rfd8 23. Qxf3 Nxf3 24. Rd1 Rxd1+ 25. Nxd1 Rd8 26. Ne3 Kg7
27. Kg2 Ne1+ 28. Kf1 Nd3 29. Rc7 Nxb2 30. Rxa7 Rd4 31. Nc2 Rd5 32. a4 Nxa4 33.
Rxa4 Rxb5 34. Ra7 g5 35. Nd4 Rb6 36. Kg2 Kg6 37. Re7 Kf6 38. Rc7 Rd6 39. Nb5 Rd5
40. Nc3 Re5 41. Rb7 Kg6 42. Rb5 Re1 43. Rb2 Rc1 44. Ne2 Rc4 45. Ng3 Ra4 46. Re2
Ra3 47. Re3 Ra5 48. Ne2 Rc5 49. f4 gxf4 50. Nxf4+ Kf5 51. Kg3 e5 52. Ng2 Rc4 53.
Rf3+ Ke6 54. Ne3 Ra4 55. h4 Ra8 56. h5 Rh8 57. Kh4 f6 58. Ng4 f5 59. Nf2 f4 60.
Ra3 Kf5 61. Ra5 Rg8 62. h6 Rg6 1/2-1/2

[Event "Portugal Open 2018"]
[Site "Lisboa POR"]
[Date "2018.02.08"]
[Round "8.37"]
[White "Gonzalez Pruneda, Arturo"]
[Black "Borsos, Bogdan"]
[Result "1-0"]
[WhiteElo "2126"]
[BlackElo "2301"]
[WhiteFideId "2256860"]
[BlackFideId "14100568"]
[BlackTitle "IM"]
[WhiteCountry "ESP"]
[BlackCountry "UKR"]
[PlyCount "47"]
[EventDate "2018.??.??"]

1. e4 c6 2. d4 g6 3. Nc3 d5 4. Nf3 Bg7 5. Be3 Nf6 6. e5 Ng4 7. Bf4 f6 8. exf6
exf6 9. Qd2 f5 10. O-O-O O-O 11. h4 Nf6 12. Ne5 Ne4 13. Nxe4 fxe4 14. h5 Qf6 15.
hxg6 hxg6 16. g3 Bf5 17. Bg5 Qd6 18. Bh6 Qf6 19. Bxg7 Qxg7 20. g4 e3 21. Qxe3
Bc8 22. Rh6 Rf6 23. Bd3 Nd7 24. Nxg6 1-0

[Event "Portugal Open 2018"]
[Site "Lisboa POR"]
[Date "2018.02.08"]
[Round "8.38"]
[White "Cruz, Jorge"]
[Black "Rego, Pedro"]
[Result "1-0"]
[WhiteElo "2113"]
[BlackElo "2292"]
[WhiteFideId "1903977"]
[BlackFideId "1904310"]
[BlackTitle "CM"]
[WhiteCountry "POR"]
[BlackCountry "POR"]
[PlyCount "93"]
[EventDate "2018.??.??"]

1. e4 c5 2. Nf3 d6 3. d4 cxd4 4. Nxd4 Nf6 5. Nc3 a6 6. a4 g6 7. h3 Bg7 8. g3 Nc6
9. Nde2 Bd7 10. Bg2 O-O 11. O-O Rb8 12. Nd5 b5 13. axb5 axb5 14. Rb1 Nxd5 15.
exd5 Nb4 16. Bd2 Na6 17. Bc3 Bxc3 18. bxc3 Qc7 19. Re1 Nc5 20. Qd2 Na4 21. Rb4
Rbc8 22. Qh6 f6 23. Re4 Rf7 24. Nd4 Re8 25. h4 Nxc3 26. Ne6 Bxe6 27. Rxe6 Qc5
28. Qd2 b4 29. h5 Kg7 30. R1e3 Nb5 31. Qe1 Nd4 32. Rxe7 Nxc2 33. h6+ Kxh6 34.
Qd2 Qxe3 35. Rxe3 Nxe3 36. fxe3 b3 37. e4+ Kg7 38. Qb4 f5 39. exf5 Rxf5 40. Qxb3
Re1+ 41. Kh2 Re2 42. Qc3+ Kh6 43. Kg1 Rff2 44. Bf3 Rxf3 45. Qxf3 Re5 46. Qf8+
Kg5 47. Qf4+ 1-0

[Event "Portugal Open 2018"]
[Site "Lisboa POR"]
[Date "2018.02.08"]
[Round "8.39"]
[White "Nikanova, Ekaterina"]
[Black "Ölçüm, Ahmet"]
[Result "1-0"]
[WhiteElo "2048"]
[BlackElo "2267"]
[WhiteFideId "13506374"]
[BlackFideId "6311393"]
[BlackTitle "CM"]
[WhiteCountry "BLR"]
[BlackCountry "TUR"]
[PlyCount "75"]
[EventDate "2018.??.??"]

1. e4 d6 2. d4 Nf6 3. Nc3 e5 4. Nge2 exd4 5. Nxd4 Nc6 6. Bb5 Bd7 7. Bxc6 bxc6 8.
Qf3 c5 9. Nf5 h6 10. O-O g6 11. Re1 gxf5 12. exf5+ Be7 13. Bd2 Kf8 14. Re2 Rb8
15. Rae1 Ng8 16. Nd5 Bc6 17. Rxe7 Bxd5 18. Re8+ Qxe8 19. Rxe8+ Kxe8 20. Qxd5 Ne7
21. Qe4 Kd7 22. Bc3 Rhe8 23. f6 Ng6 24. Qa4+ Kd8 25. g3 Ne5 26. Qxa7 Kd7 27.
Qa4+ Ke6 28. Bxe5 Kxe5 29. Qf4+ Ke6 30. b3 h5 31. Qf3 Rh8 32. h4 Rbg8 33. a4 Rg6
34. Qe2+ Kf5 35. a5 Rxf6 36. a6 Re6 37. Qd3+ Kg4 38. Kg2 1-0